000 00389nam a22001457a 4500
005 20240229053118.0
008 240229b |||||||| |||| 00| 0 eng d
082 _222
_a322.42
_bADE.
100 _aAnn, Adele.
245 _aWomen Fighters of Liberation Tigers :
_c1993.
260 _aJaffna :
_bPublication Section LTTE /
_c1993.
300 _a11 p.,History.
650 _aHistory.
942 _cL
999 _c521
_d521